• 首页
  • 本馆介绍
  • 公告通知
  • 最新文献
  • 馆藏检索
  • 电子资源
  • 读者导购
  • 参考咨询
  • 我的图书馆
  • 登录
  • 详细信息显示
  • 放入我的书架
  • 预约/预借图书
  • 作者相关作品
  • 分类相关作品
  • 丛书相关作品
  • 出版社相关作品

书目信息

  • 表格格式
  • 工作单格式
  • 卡片格式
题名:
经济学说史
    
 
作者: 吉德 , 里斯特 , Rist , Gide 著 ;徐卓英 , 李履瑞 , 李炳焕 译
分册: 下册  
出版信息: 北京   商务印书馆  1986
页数: 375-762页
开本: 20cm
丛书名:
单 册:
中图分类: F09
科图分类:
主题词: 经济学-经济思想史 , 经济思想史-经济学
电子资源:
ISBN:
000 01138nam0 2200373 45
001 0186018201
005 20060809110018.65
010    @dCNY4.30
091    @aCN@b4017.346
100    @a19900724d1986 kemy0chiy0121 ea
101 1  @achi@cfre
102    @aCN@b110000
105    @ay z 000yy
200 10 @a经济学说史@Ajing ji xue shuo shi@h下册@f(法)季德(Gide,C.), (法)利斯特(Rist,C.)著@g徐卓英等译
210    @a北京@c商务印书馆@d1986
215    @a375-762页@d20cm
300    @a书名原文: A history of economic doctrines
300    @a根据法国巴黎巴兰斯出版社1928年英文版译出
300    @a附: 人名译名对照表
304    @a季德,通译:吉德;利斯特,通译:里斯特
510 1  @aA history of economic doctrines@zeng
606    @a经济学-经济思想史
606    @a经济思想史-经济学
690    @aF09@v3
701  1 @a吉德@Aji de@bC.@4著
701  1 @a里斯特@Ali si te@bC.@4著
701 A1 @aRist@bC.@4著
701 A1 @aGide@bC.@4著
702  0 @a徐卓英@Axu zhuo ying@4译
702  0 @a李履瑞@Ali lv rui@4译
702  0 @a李炳焕@Ali bing huan@4译
801  2 @aCN@bNLC@c20060809
801  0 @aCN@bTSSF
905    @a10447@dF09@e41:2
    
    经济学说史.下册/(法)季德(Gide,C.), (法)利斯特(Rist,C.)著/徐卓英等译.-北京:商务印书馆,1986
    375-762页;20cm
    书名原文: A history of economic doctrines.-根据法国巴黎巴兰斯出版社1928年英文版译出.-附: 人名译名对照表
    
    ISBN :CNY4.30
    
●
相关链接 在E读中查询图书 在五车中查询图书 在当当中查询图书 在豆瓣中查询图书


正题名:经济学说史     索取号:F09/41:2         预约/预借

序号 登录号 条形码 馆藏地/架位号 状态 备注
1 0449991   204499916   密集书库/ [索取号:F09/41:2] 在馆    
唐山师范学院图书馆 欢迎您!
大连网信软件有限公司© 版权所有